000 01369nam a2200301 a 4500
001 BRCA_3398
005 20190320204248.0
041 _aeng
044 _aenk
084 _a687
_b.B533
_c1911
100 1 _aCervantes Saavedra, Miguel de
_d1547-1616
_9213
245 1 0 _aThe Adventures of Don Quixote
_cTranslated and Abridged by Dominick Daly.
260 _aLondres
_bAdam and Charles Black
_c1911
300 _a1 v. en 2 partes (264 p.)
_bil. a color
_c21 cm.
500 _aContenido : Breve introducción de D. Daly. Texto de la novela muy abreviado
500 _aEdición : New Edition with 8 Full-Page Illustrations in Colour
500 _aTraducción muy abreviada por Dominick Daly. Excelente impresión con tipos bastante grandes y en papel de calidad. Las ilustraciones en color son de efecto, pero carecen de naturalidad. Tela; lomo y plano decorados con motivos quijotescos en color Lúdovik Osterc
500 _aQM1160
546 _aTexto en : inglés
650 1 4 _aNovela española
_yÉpoca clásica, 1500-1700
_9215
650 1 4 _aLiteratura española
_yÉpoca clásica, 1500-1700
_9216
650 1 4 _aNovela española
_ySiglo XVII
_9217
650 1 4 _aDon Quijote (Personaje ficticio)
_eNovela
_9218
700 1 _aDaly, Dominick
_d1798-1868
_eTraductor
_98926
740 0 _aEl Ingenioso Hidalgo Don Quijote de la Mancha
902 _aQFM
942 _2lcc
_cB
999 _c3134
_d3134